Accounting for hospitality, tourism and leisure

Αποθηκεύτηκε σε:
Λεπτομέρειες βιβλιογραφικής εγγραφής
Κύριος συγγραφέας: Owen, Gareth
Μορφή: Βιβλίο
Γλώσσα:English
Δημοσίευση: London : Pitman, 1994
Θέματα:
Ετικέτες: Προσθήκη ετικέτας
Δεν υπάρχουν, Καταχωρήστε ετικέτα πρώτοι!

MARC

LEADER 00000nam a2200000 i 4500
001 1/20162
008 960704s1994 eng d
020 |a 0-273-60263-2 
035 |l 10021500 
040 |a GR-MY-UA  |b gre  |e aacr 
041 0 |a eng 
082 0 |a 657.837 
100 1 |a Owen, Gareth. 
245 1 0 |a Accounting for hospitality, tourism and leisure /  |c Gareth Owen 
260 |a London :   |b Pitman,   |c 1994 
300 |a 470 p. 
650 0 0 |a Accounting. 
650 0 0 |a Service industries. 
852 |a INST  |b CHIOS  |e 19960704  |h 657.837 OWE  |p 005200007319  |q 005200007319  |t BK  |y 0 
909 |a Χ  |b 040266